000 00567nam a22001697a 4500
005 20251108173321.0
008 250721s2005 xx 000 0 ara d
082 1 4 _a927.9432
100 1 _aلوبرتو، فنسنت
245 1 0 _aستانلي كوبريك سيرة حياته و أعماله /
264 1 _aدمشق :
_bمنشورات وزارة الثقافة - المؤسسة العامة للسينما،
_c2005.
300 _a695ص
490 0 _aالفن السابع
_v88
700 1 _aخضر، علام
_eمترجم
942 _2ddc
_cBK
999 _c101099
_d101099